Health : (Record no. 3302)
[ view plain ]
| 000 -LEADER | |
|---|---|
| fixed length control field | 00649nam a22002177a 4500 |
| 003 - CONTROL NUMBER IDENTIFIER | |
| control field | OSt |
| 005 - DATE AND TIME OF LATEST TRANSACTION | |
| control field | 20210324124301.0 |
| 008 - FIXED-LENGTH DATA ELEMENTS--GENERAL INFORMATION | |
| fixed length control field | 210324b ||||| |||| 00| 0 eng d |
| 020 ## - INTERNATIONAL STANDARD BOOK NUMBER | |
| International Standard Book Number | 0675070112 |
| 040 ## - CATALOGING SOURCE | |
| Transcribing agency | KABLIB |
| Modifying agency | KABLIB |
| 082 ## - DEWEY DECIMAL CLASSIFICATION NUMBER | |
| Edition number | 23 |
| Classification number | 613.07 |
| Item number | MEE |
| 100 ## - MAIN ENTRY--PERSONAL NAME | |
| Personal name | Meeks, Linda Brower |
| 9 (RLIN) | 384 |
| 245 ## - TITLE STATEMENT | |
| Title | Health : |
| Remainder of title | focus on you / |
| Statement of responsibility, etc. | Linda Brower Meeks, Philip Heit |
| 260 ## - PUBLICATION, DISTRIBUTION, ETC. | |
| Place of publication, distribution, etc. | London : |
| Name of publisher, distributor, etc. | Charles E. Merrill Publishing Company ; |
| Date of publication, distribution, etc. | c1982. |
| 300 ## - PHYSICAL DESCRIPTION | |
| Extent | viii, 342p. : |
| Other physical details | ill. col. ; |
| Dimensions | 24cm. |
| 500 ## - GENERAL NOTE | |
| General note | Includes : Glossary , Index |
| 650 ## - SUBJECT ADDED ENTRY--TOPICAL TERM | |
| Topical term or geographic name entry element | Health |
| 9 (RLIN) | 8689 |
| 690 ## - LOCAL SUBJECT ADDED ENTRY--TOPICAL TERM (OCLC, RLIN) | |
| Topical term or geographic name as entry element | Health |
| 9 (RLIN) | 8689 |
| 700 ## - ADDED ENTRY--PERSONAL NAME | |
| Personal name | Heit, Philip |
| 9 (RLIN) | 387 |
| 942 ## - ADDED ENTRY ELEMENTS (KOHA) | |
| Source of classification or shelving scheme | Dewey Decimal Classification |
| Koha item type | Book |
| Withdrawn status | Lost status | Source of classification or shelving scheme | Damaged status | Not for loan | Home library | Current library | Shelving location | Date acquired | Total Checkouts | Full call number | Barcode | Date last seen | Price effective from | Koha item type |
|---|---|---|---|---|---|---|---|---|---|---|---|---|---|---|
| Dewey Decimal Classification | Mukombe Library | Mukombe Library | Open Access Section | 24.03.2021 | 613.07 MEE | 154 | 23.07.2024 | 24.03.2021 | Book |